| 000 | 00982nam a22002897a 4500 | ||
|---|---|---|---|
| 001 | 8453 | ||
| 003 | FISKH | ||
| 005 | 20250912122456.0 | ||
| 008 | 250912b cb ||||| |||| 00| 0 eng d | ||
| 020 | _a9780545575669 | ||
| 040 |
_aFISKH _beng _cFISKH _dFISKH |
||
| 050 | _aQL768 .A77 | ||
| 082 | _a591.47 | ||
| 100 | _aArnosky, Jim | ||
| 245 |
_aWild tracks ! : _bA guide to nature's footprints / _cBy Jim Arnosky |
||
| 250 | _aFirst Scholatic printing, March 2013 | ||
| 260 |
_aNew York : _bScholastic , _c2008. |
||
| 300 |
_a32 pages : _bcolor illustrations ; _c29 cm . |
||
| 505 | _aZ | ||
| 520 | _aLearn how to read the secret language of animal tracks. Find out how to tell how fresh tracks are, which animals made them, how fast they might have been traveling, and more. | ||
| 521 | 8 |
_a1040
_bLexile |
|
| 521 | 8 |
_aZ
_bRa-Plus |
|
| 650 |
_aAnimal tracks _vNon-fiction |
||
| 650 |
_aLiving things _vNon-fiction |
||
| 942 |
_2ddc _cBK _n0 |
||
| 999 |
_c8453 _d8453 |
||